Statistiche per Marcatori del Brasile ai Mondiali - Germania 2006

Clicka qui per fare il quiz!

Statistiche generali

  • Questo quiz è stato fatto 2 volte
  • Il punteggio medio è 6 su 10

Statistiche sulle risposte

PartitaMinutoMarcatore% Corretto
Brasile - Croazia 1-044'Kaká
100%
Giappone - Brasile 1-445'Ronaldo
100%
Giappone - Brasile 1-481'Ronaldo
100%
Brasile - Ghana 3-05'Ronaldo
100%
Brasile - Australia 2-049'Adriano
50%
Brasile - Ghana 3-046'Adriano
50%
Brasile - Ghana 3-084'Zé Roberto
50%
Brasile - Australia 2-090'Fred
0%
Giappone - Brasile 1-459'Gilberto
0%
Giappone - Brasile 1-453'Juninho Pernambucano
0%

Distribuzione punteggi

Percentile per numero di risposta

Percentuale di utenti per punteggio

I tuoi punteggi nel tempo

Non hai fatto questo quiz